Devine l’album grâce aux emojis (rap fr) - Statistiques

Statistiques générales
  • Ce quiz a été pris 17 fois
  • Le résultat moyen est 4 sur 20
Statistiques - réponses
Emoji Album % Correct
🏫🎤🪙 L’ecole du micro d’argent (IAM)
75%
🩻💀💶 Mental (Plk)
58%
🫀💶 Que la famille (PNL
58%
⏳💀 Temps mort (Booba)
42%
🧏🏿‍♂️📞🪖 Commando (Niska)
25%
👟🔥 Feu (Nekfeu)
25%
💛⬛️👨🏿‍🦲💪 Or noir (Kaaris)
25%
🇫🇷✊🏿 Le combat continue (Ideal J)
17%
👨🏿‍🍼🎩 L’homme au bob (Gradur)
17%
⬜️💦🛋️👨🏿👨🏿 Quelques gouttes suffisent (Arsenik)
17%
🙎🏿‍♂️🚽⬜️ Tous ensemble,chacun pour soi (Salif)
17%
😬⛓️🟩🤖 Trinity (Laylow)
17%
🚈🥷 La fête est finie (Orelsan)
8%
🟥🕊️ OX7 (Niro)
8%
🌊🩻😎 Paradise (Hamza)
8%
⬛️📱 Telegram (Werenoi)
8%
⬜️ Xeu (Vald)
8%
🛌🐅 Lacrim (Lacrim)
0%
👨🏾‍🦲🌑🐺⛈️ Le code de l’honneur (Rohff)
0%
⬛️👨🟦 Suprême NTM (NTM)
0%
Aucun quiz correspondant
Distribution des résultats
% des personnes avec chaque résultat
Percentile par nombre de réponses
Votre historique - résultats
Vous n’avez pas pris ce quiz